Corpus Pyramidum Aegyptiacarum /

محفوظ في:

المؤلف الرئيسي: Theis, Christoffer (مؤلف)

التنسيق: كتاب

اللغة: German

منشور في: Göttingen : Seminar für Ägyptologie und Koptologie, 2011.

سلاسل: Göttinger Miszellen. Beihefte ; 9.
GMB ; 9.

الموضوعات:

الوسوم: إضافة وسم

لا توجد وسوم, كن أول من يضع وسما على هذه التسجيلة!

رقم الطلب: PJ1004 .G51 v.9

LEADER 00810nam a22002657a 4500
003 OSt
005 20251013071247.0
008 251013t2011 gw g bc 000 0 ger d
040 |c ARCE Library 
043 |a f-ua--- 
050 1 4 |a PJ1004  |b .G51 v.9 
100 1 |a Theis, Christoffer,   |e author  |9 41019 
245 1 0 |a Corpus Pyramidum Aegyptiacarum /   |c Christoffer Theis. 
264 1 |a Göttingen :   |b Seminar für Ägyptologie und Koptologie,   |c 2011. 
300 |a vii, 184 pages ;   |c 21 cm. 
490 1 |a Göttinger Miszellen. Beihefte ;   |v 9. 
490 1 |a GMB ;   |v 9. 
555 |a Hadeer 
650 0 |a Pyramids  |z Egypt  |v Bibliography. 
650 0 |a Pyramids  |z Egypt  |v Catalogs. 
830 0 |a Göttinger Miszellen.   |p Beihefte ;   |v 9. 
830 0 |a GMB ;   |v 9. 
901 |a reviewed 
942 |c BK  |2 lcc 
999 |c 24412  |d 24412